| 000 | 01012nam a22002653a 4500 | ||
|---|---|---|---|
| 005 | 20240924065347.0 | ||
| 008 | 010615s1996 mx fr 000 0 spa d | ||
| 035 | _aUPN01000108396 | ||
| 049 | _aF | ||
| 050 | 4 |
_aLB2305 _bE5.7 no.5 |
|
| 100 | 1 | _aFarrell, Glen. | |
| 245 | 1 | 3 |
_aEl papel de la tecnología en la educación superior en América Latina del Norte : _bimplicaciones de política / _cpor Glen Farrell, Sally Johnstone y Patricio López de Puerto. |
| 260 |
_aBoulder, Colo. : _bWICHE : _bCONAHEC, _c1996. |
||
| 300 | _a25 p. | ||
| 440 | 0 |
_aEntendiendo las diferencias. _pCuaderno de trabajo ; _vno.5) |
|
| 500 | _a"Serie sobre la educación superior en México, Canadá y los Estados Unidos". | ||
| 650 | 2 | 4 |
_aEducación superior _zMéxico _94968 |
| 650 | 2 | 7 |
_aEducación superior _zEstados Unidos _2 _915203 |
| 650 | 4 |
_aEducación y Estado _919 |
|
| 700 | 1 |
_aJohnstone, Sally, _ecoaut. |
|
| 700 | 1 |
_aLópez de Puerto, Francisco, _ecoaut. |
|
| 901 | _a173516 | ||
| 902 | _aMME/pgv | ||
| 905 | _aLibro | ||
| 999 |
_c82308 _d82308 |
||